The New book of knowledge. (Record no. 5240)

MARC details
000 -LEADER
fixed length control field 00982pam a2200265 a 4500
001 - CONTROL NUMBER
control field 445044
003 - CONTROL NUMBER IDENTIFIER
control field GBCCL
005 - DATE AND TIME OF LATEST TRANSACTION
control field 20241126110536.0
008 - FIXED-LENGTH DATA ELEMENTS--GENERAL INFORMATION
fixed length control field 820729s1983 ctua j e 001 0deng
010 ## -
-- 82048428
020 ## - INTERNATIONAL STANDARD BOOK NUMBER
International Standard Book Number 0717205142
040 ## - CATALOGING SOURCE
Original cataloging agency DLC
Transcribing agency DLC
Modifying agency DLC
042 ## -
-- lcac
050 00 -
-- AG5
-- .B64 1983
082 00 - DEWEY DECIMAL CLASSIFICATION NUMBER
Classification number 031
Edition information 19
Item number NEW
245 04 - TITLE STATEMENT
Title The New book of knowledge.
260 ## - PUBLICATION, DISTRIBUTION, ETC.
Place of publication, distribution, etc. Danbury, Conn. :
Name of publisher, distributor, etc. Grolier,
Date of publication, distribution, etc. c1983.
300 ## - PHYSICAL DESCRIPTION
Extent 21 v. :
Other physical details ill. (some col.) ;
Dimensions 27 cm.
500 ## - GENERAL NOTE
General note Includes indexes.
520 ## - SUMMARY, ETC.
Summary, etc. A twenty-one volume illustrated edition providing entries suitable for varied reading levels, with each volume containing an index cross-referenced to the contents of the entire set. Includes a comprehensive bibliography graded by reading level.
650 #0 - SUBJECT ADDED ENTRY--TOPICAL TERM
Topical term or geographic name entry element Children's encyclopedias and dictionaries.
9 (RLIN) 9445
650 #1 - SUBJECT ADDED ENTRY--TOPICAL TERM
Topical term or geographic name entry element Encyclopedias and dictionaries.
9 (RLIN) 9428
906 ## - LOCAL DATA ELEMENT F, LDF (RLIN)
a 7
b cbc
c orignew
d 1
e ocip
f 19
g y-gencatlg
942 ## - ADDED ENTRY ELEMENTS (KOHA)
Source of classification or shelving scheme Dewey Decimal Classification
Koha item type Reference Books
Holdings
Withdrawn status Lost status Source of classification or shelving scheme Damaged status Not for loan Home library Current Library Shelving location Date acquired Total checkouts Full call number Barcode Date last seen Copy number Price effective from Koha item type
    Dewey Decimal Classification     GRACE BIBLE COLLEGE GRACE BIBLE COLLEGE Encyclopedia 2018-03-07   031 NEW 005102 2025-05-01 v.1 2018-03-07 Reference Books
    Dewey Decimal Classification     GRACE BIBLE COLLEGE GRACE BIBLE COLLEGE Encyclopedia 2018-03-07   031 NEW 005103 2025-05-01 v.2 2018-03-07 Reference Books
    Dewey Decimal Classification     GRACE BIBLE COLLEGE GRACE BIBLE COLLEGE Encyclopedia 2018-03-07   031 NEW 005104 2025-05-01 v.3 2018-03-07 Reference Books
    Dewey Decimal Classification     GRACE BIBLE COLLEGE GRACE BIBLE COLLEGE Encyclopedia 2018-03-07   031 NEW 005105 2025-05-01 v.4 2018-03-07 Reference Books
    Dewey Decimal Classification     GRACE BIBLE COLLEGE GRACE BIBLE COLLEGE Encyclopedia 2018-03-07   031 NEW 005106 2025-05-01 v.5 2018-03-07 Reference Books
    Dewey Decimal Classification     GRACE BIBLE COLLEGE GRACE BIBLE COLLEGE Encyclopedia 2018-03-07   031 NEW 005107 2025-05-01 v.6 2018-03-07 Reference Books
    Dewey Decimal Classification     GRACE BIBLE COLLEGE GRACE BIBLE COLLEGE Encyclopedia 2018-03-07   031 NEW 005110 2025-05-01 v.7 2018-03-07 Reference Books
    Dewey Decimal Classification     GRACE BIBLE COLLEGE GRACE BIBLE COLLEGE Encyclopedia 2018-03-07   031 NEW 005132 2025-05-01 v.8 2018-03-07 Reference Books
    Dewey Decimal Classification     GRACE BIBLE COLLEGE GRACE BIBLE COLLEGE Encyclopedia 2018-03-07   031 NEW 005133 2025-05-01 c.9 2018-03-07 Reference Books
    Dewey Decimal Classification     GRACE BIBLE COLLEGE GRACE BIBLE COLLEGE Encyclopedia 2018-03-07   031 NEW 005134 2025-05-01 v.10 2018-03-07 Reference Books
    Dewey Decimal Classification     GRACE BIBLE COLLEGE GRACE BIBLE COLLEGE Encyclopedia 2018-03-07   031 NEW 005135 2025-05-01 v.11 2018-03-07 Reference Books
    Dewey Decimal Classification     GRACE BIBLE COLLEGE GRACE BIBLE COLLEGE Encyclopedia 2018-03-07   031 NEW 005136 2025-05-01 v.12 2018-03-07 Reference Books
    Dewey Decimal Classification     GRACE BIBLE COLLEGE GRACE BIBLE COLLEGE Encyclopedia 2018-03-07   031 NEW 005137 2025-05-01 v.13 2018-03-07 Reference Books
    Dewey Decimal Classification     GRACE BIBLE COLLEGE GRACE BIBLE COLLEGE Encyclopedia 2018-03-07   031 NEW 005138 2025-05-01 v.14 2018-03-07 Reference Books
    Dewey Decimal Classification     GRACE BIBLE COLLEGE GRACE BIBLE COLLEGE Encyclopedia 2018-03-07   031 NEW 005139 2025-05-01 v.15 2018-03-07 Reference Books
    Dewey Decimal Classification     GRACE BIBLE COLLEGE GRACE BIBLE COLLEGE Encyclopedia 2018-03-07   031 NEW 005140 2025-05-01 v.16 2018-03-07 Reference Books
    Dewey Decimal Classification     GRACE BIBLE COLLEGE GRACE BIBLE COLLEGE Encyclopedia 2018-03-07   031 NEW 005141 2025-05-01 v.17 2018-03-07 Reference Books
    Dewey Decimal Classification     GRACE BIBLE COLLEGE GRACE BIBLE COLLEGE Encyclopedia 2018-03-07   031 NEW 005142 2025-05-01 v.18 2018-03-07 Reference Books
    Dewey Decimal Classification     GRACE BIBLE COLLEGE GRACE BIBLE COLLEGE Encyclopedia 2018-03-07   031 NEW 005143 2025-05-01 v.19 2018-03-07 Reference Books
    Dewey Decimal Classification     GRACE BIBLE COLLEGE GRACE BIBLE COLLEGE Encyclopedia 2018-03-07   031 NEW 005144 2025-05-01 v.20 2018-03-07 Reference Books
    Dewey Decimal Classification     GRACE BIBLE COLLEGE GRACE BIBLE COLLEGE Encyclopedia 2018-03-07   031 NEW 005145 2025-05-01 v.21 2018-03-07 Reference Books
© Grace Bible College Library 2025